Communes de France les plus peuplées n'étant pas un chef-lieu - Statistiques

Statistiques générales
  • Ce quiz a été pris 27 fois
  • Le résultat moyen est 22 sur 101
Statistiques - réponses
Département Commune % Correct
06 Alpes-Maritimes Antibes
61%
01 Ain Oyonnax
61%
04 Alpes-de-Haute-Provence Manosque
52%
05 Hautes-Alpes Embrun
39%
37 Indre-et-Loire Joué-lès-Tours
39%
33 Gironde Mérignac
39%
59 Nord Tourcoing
39%
64 Pyrénées-Atlantiques Anglet
35%
07 Ardèche Annonay
35%
13 Bouches-du-Rhône Martigues
35%
2A Corse-du-Sud Porto-Vecchio
35%
34 Hérault Sète
35%
31 Haute-Garonne Colomiers
30%
03 Allier Cusset
30%
08 Ardennes Givet
30%
83 Var La Seyne-sur-Mer
30%
09 Ariège Lavelanet
30%
65 Hautes-Pyrénées Lourdes
30%
44 Loire-Atlantique Saint-Herblain
30%
69M Métropole de Lyon Villeurbanne
30%
74 Haute-Savoie Annemasse
26%
15 Cantal Arpajon-sur-Cère
26%
77 Seine-et-Marne Chelles
26%
29 Finistère Concarneau
26%
60 Oise Creil
26%
81 Tarn Gaillac
26%
50 Manche Granville
26%
14 Calvados Hérouville-Saint-Clair
26%
56 Morbihan Lanester
26%
23 Creuse La Souterraine
26%
82 Tarn-et-Garonne Moissac
26%
26 Drôme Montélimar
26%
12 Aveyron Onet-le-Château
26%
84 Vaucluse Orange
26%
17 Charente-Maritime Royan
26%
42 Loire Saint-Chamond
26%
73 Savoie Aix-les-Bains
22%
24 Dordogne Boulazac Isle Manoire
22%
35 Ille-et-Vilaine Bruz
22%
66 Pyrénées-Orientales Canet-en-Roussillon
22%
11 Aude Castelnaudary
22%
63 Puy-de-Dôme Cournon-d'Auvergne
22%
61 Orne Flers
22%
71 Saône-et-Loire Le Creusot
22%
47 Lot-et-Garonne Le Passage
22%
974 La Réunion Le Tampon
22%
32 Gers L'Isle-Jourdain
22%
19 Corrèze Malemort
22%
93 Seine-Saint-Denis Montreuil
22%
45 Loiret Olivet
22%
10 Aube Romilly-sur-Seine
22%
38 Isère Saint-Martin-d'Hères
22%
76 Seine-Maritime Sotteville-lès-Rouen
22%
79 Deux-Sèvres Thouars
22%
54 Meurthe-et-Moselle Vandœuvre-lès-Nancy
22%
94 Val-de-Marne Vitry-sur-Seine
22%
30 Gard Bagnols-sur-Cèze
17%
86 Vienne Buxerolles
17%
85 Vendée Challans
17%
91 Essonne Corbeil-Essonnes
17%
36 Indre Déols
17%
53 Mayenne Évron
17%
976 Mayotte Koungou
17%
971 Guadeloupe Les Abymes
17%
62 Pas-de-Calais Liévin
17%
28 Eure-et-Loir Lucé
17%
48 Lozère Marvejols
17%
43 Haute-Loire Monistrol-sur-Loire
17%
57 Moselle Montigny-lès-Metz
17%
72 Sarthe Sablé-sur-Sarthe
17%
87 Haute-Vienne Saint-Junien
17%
68 Haut-Rhin Saint-Louis
17%
67 Bas-Rhin Schiltigheim
17%
49 Maine-et-Loire Sèvremoine
17%
02 Aisne Tergnier
17%
27 Eure Vernon
17%
92 Hauts-de-Seine Asnières-sur-Seine
13%
25 Doubs Audincourt
13%
40 Landes Biscarrosse
13%
2B Haute-Corse Borgo
13%
39 Jura Champagnole
13%
21 Côte-d'Or Chenôve
13%
90 Territoire de Belfort Delle
13%
88 Vosges Golbey
13%
70 Haute-Saône Héricourt
13%
22 Côtes-d'Armor Lamballe-Armor
13%
18 Cher Saint-Doulchard
13%
55 Meuse Saint-Mihiel
13%
78 Yvelines Sartrouville
13%
16 Charente Soyaux
13%
51 Marne Tinqueux
13%
58 Nièvre Varennes-Vauzelles
13%
80 Somme Albert
9%
69D Rhône Belleville-en-Beaujolais
9%
95 Val-d'Oise Garges-lès-Gonesse
9%
89 Yonne Joigny
9%
972 Martinique Le Lamentin
9%
973 Guyane Matoury
9%
52 Haute-Marne Nogent
9%
46 Lot Pradines
9%
41 Loir-et-Cher Vineuil
9%
Aucun quiz correspondant
Distribution des résultats
% des personnes avec chaque résultat
Percentile par nombre de réponses
Votre historique - résultats
Vous n’avez pas pris ce quiz